000 00337nam a2200145Ia 4500
008 230917s9999||||xx |||||||||||||| ||und||
040 _e44658
_aMAIN
041 _aEnglish
082 _a338.10973 M228F
100 _aMcMillan, Wheeler
245 0 _aFarmer
260 _aMadras
_bHigginbothams
_c1968
300 _a115 p.
942 _cBK
999 _c117429
_d117429